| 000 | 00459nam a22001697a 4500 | ||
|---|---|---|---|
| 005 | 20200520103413.0 | ||
| 008 | 200520b xxu||||| |||| 00| 0 eng d | ||
| 020 | _a8774733094 | ||
| 041 | _aeng | ||
| 082 | _a616.9 WHO | ||
| 100 |
_aWHO _95187 |
||
| 245 | _aZoo nose and Communicable diseases common to Man and Animals bacterioses and mycose Is | ||
| 260 |
_aDelhi _bAITBS Publisher's Delhi |
||
| 300 | _a157, Xv | ||
| 650 |
_aPharmacy _95563 |
||
| 942 | _cBK | ||
| 999 |
_c6303 _d6301 |
||